000 00504nam a2200181Ia 4500
003 GCL
008 140319s9999 xx 000 0 ara d
040 _aGCL /
_cGCL
082 0 4 _a191
_bع ش
100 1 _aعبدالرحمن بدوى
245 1 0 _aشلنج /
_cعبدالرحمن بدوى
260 _a[S.N] :
_bالمؤسسة العربية للدراسات والنشر ،
_c1981
300 _a395 ص
490 _a
650 0 4 _aالتراجم
650 0 4 _aالفلاسفة
942 _2ddc
_cBK
999 _c35065
_d35065